000
00293nam a2200085Ia 4500
245
0
_a
First president : a life of John Dube, founding president of the ANC
100
_a
Hughes, Heather Auckland Park, South Africa, 2011
_9
79388
942
_c
BK
008
210817s9999 xx 000 0 und d
999
_c
320541
_d
320540